000 00663nam a2200217 i 4500
001 102816
003 ES-MaACL
005 20230906183206.0
007 t|
008 170622s1905 fr ||||1| fre d
100 1 _aMaspero, Gaston (
_d1846-1916)
_978770
245 1 0 _aHistoire ancienne
_b: Égypte, Assyrie /
_cG. Maspero.
250 _a4e édition, revue et corrigée.
260 _aParis :
_bHachette,
_c1905.
300 _aXIII, 400 p. :
_bil. ;
_c18 cm.
490 1 _aLectures historiques
651 4 _aOriente medio-
_xHistoria-
_yHasta 622.
_99134
830 0 _aLectures historiques
_9187766
852 _aES-MaACL
_jB-2695
999 _c102816
_d102816